Zhodnotenie činnosti vybraného malého podniku v SR diplomová práca

Na minha lista:
Detalhes bibliográficos
Autor principal: Košťálová, Lucia
Autor Corporativo: Fakulta podnikového manažmentu EU. Katedra podnikovohospodárska
Outros Autores: Šúbertová, Elena
Formato: Livro
Idioma:eslovaco
Publicado em: Bratislava 2011
Tags: Adicionar Tag
Sem tags, seja o primeiro a adicionar uma tag!

MARC

LEADER 00000nbm a2200000 4500
001 0131256
005 20161109101650.2
041 0 |a slo 
044 |a SK 
245 1 0 |a Zhodnotenie činnosti vybraného malého podniku v SR  |b diplomová práca  |c Lucia Košťálová ; školiteľ: Elena Šúbertová 
264 1 |a Bratislava  |c 2011 
300 |a 76 s. 
100 1 |a Košťálová, Lucia 
700 1 |a Šúbertová, Elena 
710 2 |a Fakulta podnikového manažmentu EU. Katedra podnikovohospodárska